书目信息 |
| 题名: |
探索与追求
|
|
| 作者: | 王文科 , 葛国生 主编 | |
| 分册: | ||
| 出版信息: | 北京 中国广播电视出版社 2009.07 |
|
| 页数: | 600页 | |
| 开本: | 29cm | |
| 丛书名: | ||
| 单 册: | ||
| 中图分类: | G229.2 | |
| 科图分类: | ||
| 主题词: | 电视节目--dian shi jie mu--中国--作品集 , 广播节目--guang bo jie mu--中国--作品集 | |
| 电子资源: | ||
| ISBN: | 978-7-5043-5856-1 | |
| 000 | 01073nam0 2200265 450 | |
| 001 | 012010280955 | |
| 005 | 20100605100312.53 | |
| 010 | @a978-7-5043-5856-1@dCNY78.00 | |
| 100 | @a20100604d2009 em y0chiy0120 ea | |
| 101 | 0 | @achi |
| 102 | @aCN@b110000 | |
| 105 | @ay z 000yy | |
| 106 | @ar | |
| 200 | 1 | @a探索与追求@Atan suo yu zhui qiu@e嘉兴广播电视总台节目创优、获奖作品撷英@f王文科, 葛国生主编@Fwang wen ke,ge guo sheng zhu bian |
| 210 | @a北京@c中国广播电视出版社@d2009.07 | |
| 215 | @a600页@d29cm | |
| 330 | @a本书共分6个部分。包括:嘉兴市广播电视台与浙江传媒学院合作方案,“以评带训”实际运作情况,台内获奖作品及专家点评选登等内容。 | |
| 517 | 1 | @a嘉兴广播电视总台节目创优、获奖作品撷英@Ajia xing guang bo dian shi zong tai jie mu chuang you、huo jiang zuo pin xie ying |
| 606 | 0 | @a电视节目@Adian shi jie mu@y中国@j作品集 |
| 606 | 0 | @a广播节目@Aguang bo jie mu@y中国@j作品集 |
| 690 | @aG229.2@v4 | |
| 701 | 0 | @a王文科@Awang wen ke@4主编 |
| 701 | 0 | @a葛国生@Age guo sheng@4主编 |
| 801 | 0 | @aCN@bQSSK@c20100605 |
| 905 | @b781512-14@dG229.2@eW373@f3 | |
| 探索与追求:嘉兴广播电视总台节目创优、获奖作品撷英/王文科, 葛国生主编.-北京:中国广播电视出版社,2009.07 |
| 600页;29cm |
| ISBN 978-7-5043-5856-1:CNY78.00 |
| 本书共分6个部分。包括:嘉兴市广播电视台与浙江传媒学院合作方案,“以评带训”实际运作情况,台内获奖作品及专家点评选登等内容。 |
| ● |
| 相关链接 |
|
|
|
正题名:探索与追求
索取号:G229.2/W373
 
预约/预借
| 序号 | 登录号 | 条形码 | 馆藏地/架位号 | 状态 | 备注 |
| 1 | 781512 | 207815122 | 社科库409/409社科库 58排3列4层/ [索取号:G229.2/W373] | 在馆 | |
| 2 | 781513 | 207815131 | 社科库409/409社科库 58排3列4层/ [索取号:G229.2/W373] | 在馆 | |
| 3 | 781514 | 207815140 | 社科库409/422社科库 42排2列1层/ [索取号:G229.2/W373] | 在馆 |